23 Ensayos Históricos / (Record no. 23374)

000 -CABECERA
fixed length control field 01088nam a22002897i 4500
003 - IDENTIFICADOR DEL NÚMERO DE CONTROL
control field AR-CdUCM
008 - DATOS DE LONGITUD FIJA--INFORMACIÓN GENERAL
fixed length control field 250829b20192019 pe||||| |||| 00| 0 spa d
020 ## - NÚMERO INTERNACIONAL ESTÁNDAR DEL LIBRO
ISBN 978-612-48028-0-5
040 ## - FUENTE DE LA CATALOGACIÓN
Agencia/entidad que catalogó originalmente la obra MUNICIPALIDAD PROVINCIAL DEL CUSCO
Entidad que transcribió la catalogación BIBLIOTECA MUNICIPAL DEL CUSCO
082 ## - NÚMERO DE LA CLASIFICACIÓN DECIMAL DEWEY
No. de Clasificación 985.61004 / V
Notacion interna V
100 ## - ENTRADA PRINCIPAL--NOMBRE DE PERSONA
Nombre Personal Crucinta Ugarte, Eleazar (compilador)
245 ## - MENCIÓN DE TÍTULO
Título 23 Ensayos Históricos /
260 ## - PUBLICACIÓN, DISTRIBUCIÓN, ETC.
Lugar de publicación, distribución, etc. Cusco :
Nombre de la editorial, distribuidor, etc. Inaudi Editores
Fecha de publicación, distribución, etc. 2019
300 ## - DESCRIPCIÓN FÍSICA
Nº de Páginas Extensión 373 páginas. :
Dimensiones 21x14 cm.
505 ## - NOTA DE CONTENIDO CON FORMATO
Nota de contenido formateada La inmigración Japonesa en Cusco -- El problema del indio -- Los tocapus incas -- los arcángeles arcabuceros -- El huayno cusqueño -- Terrorismo en la Universidad UNSAAC -- Pedro Vilcapaza
650 ## - PUNTO DE ACCESO ADICIONAL DE MATERIA--TÉRMINO DE MATERIA
Descriptor Tocapus
9 (RLIN) 51429
650 ## - PUNTO DE ACCESO ADICIONAL DE MATERIA--TÉRMINO DE MATERIA
Descriptor Huayno
9 (RLIN) 51430
650 ## - PUNTO DE ACCESO ADICIONAL DE MATERIA--TÉRMINO DE MATERIA
Descriptor Terrorismo
9 (RLIN) 1688
650 ## - PUNTO DE ACCESO ADICIONAL DE MATERIA--TÉRMINO DE MATERIA
Descriptor La reforma agraria
9 (RLIN) 35390
700 ## - PUNTO DE ACCESO ADICIONAL--NOMBRE DE PERSONA
Nombre Personal Achahui Diaz, Karol
9 (RLIN) 51431
700 ## - PUNTO DE ACCESO ADICIONAL--NOMBRE DE PERSONA
Nombre Personal Aragón Bermúdez, Ena Evelyn --
9 (RLIN) 51432
700 ## - PUNTO DE ACCESO ADICIONAL--NOMBRE DE PERSONA
Nombre Personal Lozano Huarayo, Rosmery
9 (RLIN) 51433
700 ## - PUNTO DE ACCESO ADICIONAL--NOMBRE DE PERSONA
Nombre Personal Quisoe Quispe, Kevil
9 (RLIN) 51434
942 ## - ELEMENTOS DE PUNTO DE ACCESO ADICIONAL (KOHA)
Fuente de clasificación
Tipo de item Libros-BMC
945 ## - PROCESAMIENTO DE INFORMACIÓN LOCAL (OCLC)
Catalogador pbjr
AAAA-MM-DD - Fecha de ingreso o modificacion 29-08-2025
Holdings
Estado de retiro (separado) Fuente de clasificación o esquema de estanterías Estado dañado Ubicación Sala donde se ubica Nombre de la colección Fecha de adquisición o compra Fuente de adquisición Costo, precio normal en soles Signatura topográfica Código de Barras Última vez visto (Koha) Tipo de ítem (Koha)
No     Sala Humanidades Sala Humanidades Book Cart 2025-08-29 Depósito legal 15.00 985.61004 / V SH0000016986 2025-08-29 Libros-BMC

Powered by Koha